00584pam a2200157 a 4500020000500000041000500005082002800010100001400038245006100052260003900113300001300152700001500165930000900180999001900189952021800208 c h a658.79999999999995bKOT aKotler,P. aMarketing For Hospitality And TourismhTextual Documents aNew DelhibPearson Educationc2011 aXXIX/683 aBowen,J.T. a9101 c115927d115927 001040708GeneralaAKSbAKScAKS-MBA-CIR-Rack-7d2011-09-13eBharati Madhyavarti Sahakari Grahakbhandar Limitedg699.00l7o658.79999999999995 KOTpAKS-M-10334r2026-01-29 00:00:00s2026-01-23t1w2023-03-01yBK